| 000 | 00940nam a2200277 i 4500 | ||
|---|---|---|---|
| 001 | 193656 | ||
| 003 | ES-MaACL | ||
| 005 | 20250829063133.0 | ||
| 007 | ta | ||
| 008 | 240202s1918 sp | |||| 000 spa | ||
| 040 | _aEs-MaACL | ||
| 245 | 0 | 1 |
_a"Fedra", de Unamuno : _ben el Ateneo |
| 264 | 1 |
_a[Madrid] : _bABC, _c1918 |
|
| 300 |
_a1 página ; _c30 cm |
||
| 336 |
_aTexto _2rdacontent |
||
| 337 |
_asin mediación _2rdamedia |
||
| 338 |
_avolumen _2rdacarrier |
||
| 500 | _aFotocopia del artículo sobre la representación de la tragedia "Fedra", de Miguel de Unamuno, en el Ateneo de Madrid, publicado en "ABC", 26 de marzo de 1918 | ||
| 600 | 1 | 4 |
_aUnamuno, Miguel de, _d1864-1936 _9111982 |
| 610 | 2 | 4 |
_aAteneo de Madrid- _vHistoria _91925 |
| 655 | 4 |
_aArtículos _9175745 |
|
| 852 | 4 |
_aES-MaACL _cDEPOF _j2347-F-29 _9201171 |
|
| 942 |
_2udc _cART_PRENSA _n0 |
||
| 999 |
_c193656 _d193656 |
||